000 00528nam a2200193Ia 4500
005 20250508162809.0
008 008 250505s9999 xx 000 0 hin d
037 _aTextual
040 _aFEDL
_beng
_cFEDL
041 _ahin
_2eng
084 _a070, JAI
_qFEDL
100 _aJain Ramesh Kumar
_9408459
245 0 _aHindi patrakartia ka alochnatmak itihas
260 _aJaipur, India
_bHansa Prakashan
_c1987
300 _a304p
365 _aINR
_b150
942 _cTEXL
_h070, JAI
999 _c1378735
_d1378735